| 000 | 01039nam a22002417a 4500 | ||
|---|---|---|---|
| 005 | 20170124103214.0 | ||
| 010 | _aA-984974 | ||
| 020 |
_c200.00 _a8173290792 |
||
| 035 | _aA-984974 | ||
| 037 | _bCen Lib/Ret | ||
| 040 |
_aDPL _bHN |
||
| 082 |
_a133.5 _bकृष्णअ |
||
| 100 |
_aकृष्ण अशांत _997343 |
||
| 245 |
_aलाल किताब ज्योतिष : _cकृष्ण अशांत _bपृष्ठभूमि और व्याख्या / |
||
| 246 |
_aLal kitan jyotish : prishthbhoomi aur vkahya / _bby Krishn Ashant |
||
| 250 | _a3rd ed | ||
| 260 |
_aदिल्ली _bशिलालेख _c2000 |
||
| 270 |
_bदिल्ली _a4/32, सुभाष गली, विश्वास नगर, शाहदरा _e110032 |
||
| 300 |
_a254पृ _c20सेमी(सजिल्द ) |
||
| 650 |
_aज्योतिष, भारतीय _x _z _997344 |
||
| 650 |
_aAstrology, Indic. _997345 |
||
| 942 |
_2ddc _cHN _h133.5 _mकृष्णअ |
||
| 999 |
_c121431 _d121431 |
||